000 00488nam a2200181Ia 4500
005 20250508152212.0
008 008 250505s9999 xx 000 0 eng d
037 _aTextual
040 _aFEDL
_beng
_cFEDL
041 _aeng
_2eng
084 _a570, BIB
_qFEDL
100 _aBibby Cyril
245 0 _aActive human biology
260 _aMelbourne, Austraila
_bWilliam Heinemann Ltd
_c1950
300 _aviii,142p.
942 _cTEXL
_h570, BIB
999 _c1334936
_d1334936